000 00630nam a2200205 a 4500
001 SSB063494
003 PILC
005 20160321135700.0
008
020 _a9780071088046
050 _aG 155.A1
_b.M127 2013
100 _aMcCartney, Glenn.
245 0 _aIntroduction to tourism management :
_cGlenn McCartney.
_ban Asian perspective /
260 _aSingapore :
_bMcGraw-Hill Education,
_c2013.
300 _axix, 586 pages :
_bcolor illustration ;
_c24 cm.
500 _aIncludes index.
650 0 _aTourism
_xManagement.
650 0 _aTourism
_xMarketing.
942 _2lcc
_cBK
_kFOR
999 _c276741
_d276741